000 00502nam a2200181Ia 4500
005 20250508150445.0
008 008 250505s9999 xx 000 0 eng d
037 _aTextual
040 _aFEDL
_beng
_cFEDL
041 _aeng
_2eng
084 _a372.4, FLE
_qFEDL
100 _aFletcher Harvey
_9756738
245 0 _aSpeech and hearing
260 _aToronto, Canada
_bD Van Nostrand Company, Inc
_c1929
300 _axv,331p.
942 _cTEXL
_h372.4, FLE
999 _c1323755
_d1323755